00334 2200145 4500001002100000005001500021035002000036082000800056084001400064100001300078245004100091260003100132300001200163990001300175INLIS00000000000235620250528110801 a0010-0525000648 a813 a813 MAR c0 aMarga Ed1 aCinta Seorang Playboy /cS. Marga Ed aJakarta :bGramedia,c2004 a240 hlm a07.12268